Biggest U.S. Cities By Only Vowels - Part 2 - Statistics

General Stats
  • This quiz has been taken 15 times
  • The average score is 8 of 16
Answer Stats
Hint Answer % Correct
IAI Miami
92%
OOUU Honolulu
75%
IIAAOI Indianapolis
67%
OAEE Los Angeles
67%
OAOAIY Oklahoma City
67%
AAOIO San Antonio
67%
AA Tampa
67%
EO New York
58%
AIOUI Saint Louis
50%
AUI Austin
42%
OEI Phoenix
42%
AIEO San Diego
42%
IIA Birmingham
17%
AEO Charleston
17%
EAO El Paso
17%
IEO Little Rock
17%
No matching quizzes found
Score Distribution
Percent of People with Each Score
Percentile by Number Answered
Your Score History
You have not taken this quiz